Most streamed songs in the first half of the 10s - Statistics

General Stats
  • This quiz has been taken 16 times
  • The average score is 23 of 47
Answer Stats
Year Artist Streams Answer % Correct
2013 Hozier 3.247.665.024 Take Me To Church
100%
2013 Avicii ft. Aloe Blacc 2.911.467.420 Wake Me Up
91%
2014 Sia 2.124.712.067 Chandelier
73%
2013 OneRepublic 3.217.863.532 Counting Stars
73%
2010 Eminem ft. Rihanna 2.009.604.067 Love The Way You Lie
73%
2013 Vance Joy 3.368.223.982 Riptide
73%
2012 The Neighbourhood 4.166.080.882 Sweater Weather
73%
2014 Mark Ronson ft. Bruno Mars 2.479.999.688 Uptown Funk
73%
2013 John Legend 2.906.611.673 All Of Me
64%
2010 Foster The People 2.325.029.628 Pumped Up Kicks
64%
2011 Gotye ft. Kimbra 2.268.303.724 Somebody That I Used To Know
64%
2014 Ed Sheeran 2.946.870.134 Thinking Out Loud
64%
2011 David Guetta ft. Sia 2.096.179.196 Titanium
64%
2012 Tom Odell 3.304.683.653 Another Love
55%
2014 Taylor Swift 2.256.741.375 Blank Space
55%
2010 Don Omar & Lucenzo 2.283.944.339 Danza Kuduro
55%
2012 Imagine Dragons 2.854.170.492 Demons
55%
2013 Arctic Monkeys 2.776.971.066 Do I Wanna Know?
55%
2012 Passenger 2.693.470.221 Let Her Go
55%
2012 Bruno Mars 2.891.254.645 Locked Out Of Heaven
55%
2014 Ed Sheeran 3.180.874.281 Photograph
55%
2012 Imagine Dragons 2.208.376.885 Radioactive
55%
2010 Adele 2.252.535.118 Rolling In The Deep
55%
2011 Adele 2.451.052.396 Someone Like You
55%
2012 Lana Del Rey 2.096.888.897 Summertime Sadness
55%
2011 Macklemore & Ryan Lewis ft. Ray Dalton 3.098.837.342 Can't Hold Us
45%
2014 Omi ft. Felix Jaehn 2.044.946.767 Cheerleader [Felix Jaehn Remix]
45%
2010 Bruno Mars 2.987.462.714 Just The Way You Are
45%
2012 Maroon 5 ft. Wiz Khalifa 2.435.181.499 Payphone
45%
2014 Walk The Moon 2.200.028.078 Shut Up and Dance
45%
2014 Sam Smith 2.406.160.179 Stay With Me
45%
2014 Maroon 5 2.188.504.573 Sugar
45%
2013 Arctic Monkeys 3.417.053.862 I Wanna Be Yours
36%
2014 J. Cole 2.734.186.879 No Role Modelz
36%
2011 Adele 2.157.964.218 Set Fire To The Rain
36%
2014 Avicii ft. Nicholas Furlong 2.241.134.193 The Nights
36%
2011 Rihanna ft. Calvin Harris 2.269.497.295 We Found Love
36%
2012 Bruno Mars 2.874.443.063 When I Was Your Man
36%
2014 Coldplay 2.164.163.927 A Sky Full Of Stars
27%
2011 Christina Perri 2.103.611.337 A Thousand Years
27%
2014 Maroon 5 2.218.490.496 Maps
27%
2014 One Direction 2.355.219.955 Night Changes
27%
2013 Arctic Monkeys 2.192.467.422 Why'd You Only Call Me When You're High?
27%
2014 Sam Smith 2.332.995.159 I'm Not The Only One
18%
2014 The Weeknd 2.020.210.117 Earned It
9%
2012 Kendrick Lamar ft. Jay Rock 2.058.641.528 Money Trees
9%
2014 The Walters 2.148.997.769 I Love You So
0%
No matching quizzes found
Score Distribution
Percent of People with Each Score
Percentile by Number Answered
Your Score History
You have not taken this quiz